| Tag |
First Indicator |
Second Indicator |
Subfields |
| LEADER |
00000cam a2200000Ia 4500 |
| 001 |
in00002691621 |
| 005 |
20151202145114.0 |
| 008 |
120109s1892 nyu 000 1 eng d |
| 035 |
|
|
|a (OCoLC)ocn798580905
|
| 035 |
|
|
|a (OCoLC)798580905
|
| 040 |
|
|
|a TXA
|c TXA
|d UtOrBLW
|
| 043 |
|
|
|a f------
|
| 049 |
|
|
|a TXAM
|
| 090 |
|
|
|a PR4731
|b .S6 1892b
|
| 100 |
1 |
|
|a Haggard, H. Rider
|q (Henry Rider),
|d 1856-1925.
|
| 245 |
1 |
0 |
|a She :
|b a history of adventure /
|c H. Rider Haggard.
|
| 250 |
|
|
|a Authorized ed.
|
| 264 |
|
1 |
|a New York :
|b F.M. Lupton Publishing Company,
|c [1892]
|
| 300 |
|
|
|a 236 pages ;
|c 18 cm.
|
| 336 |
|
|
|a text
|b txt
|2 rdacontent
|
| 337 |
|
|
|a unmediated
|b n
|2 rdamedia
|
| 338 |
|
|
|a volume
|b nc
|2 rdacarrier
|
| 490 |
1 |
|
|a Bijou series ;
|v no. 19
|
| 500 |
|
|
|a "March 28, 1892."--Cover.
|
| 500 |
|
|
|a Date from cover.
|
| 650 |
|
0 |
|a Women
|z Africa
|v Fiction.
|
| 650 |
|
0 |
|a Reincarnation
|v Fiction.
|
| 650 |
|
0 |
|a Immortalism
|v Fiction.
|
| 650 |
|
0 |
|a Ayesha (Fictitious character : Haggard)
|v Fiction.
|
| 830 |
|
0 |
|a Bijou series ;
|v 19.
|
| 994 |
|
|
|a C0
|b TXA
|
| 948 |
|
|
|a cataloged
|b h
|c 2012/7/9
|d o
|e nbehmer
|f 2:04:53 pm
|
| 999 |
|
|
|a MARS
|
| 999 |
f |
f |
|s 424d94e7-222c-3f54-bb26-dad391e4a02c
|i e3be9e3e-827a-3ef5-bc9b-0f13c51f245f
|t 0
|
| 952 |
f |
f |
|p noncirc
|a Texas A&M University
|b College Station
|c Cushing Memorial Library & Archives
|d Cushing: Literature/Haggard (Does not check out)
|t 0
|e PR4731 .S6 1892b
|h Library of Congress classification
|i unmediated -- volume
|
| 998 |
f |
f |
|a PR4731 .S6 1892b
|t 0
|l Cushing: Literature/Haggard (Does not check out)
|